Statistics for Nintendo Franchises with Playable Characters in Super Smash Bros. for Wii U/3DS

Click here to take the quiz!

General Stats

  • This quiz has been taken 324 times
    (315 since last reset)
  • The average score is 18 of 24

Answer Stats

# of PCs Answer % Correct
7Super Mario
100%
5The Legend of Zelda
94%
5 + 1Pokémon
94%
2Donkey Kong Country
88%
4Fire Emblem
88%
3Kirby
85%
2Metroid
84%
1Sonic the Hedgehog
82%
2Star Fox
81%
1EarthBound
77%
1Pac-Man
77%
1Mega Man
74%
3Kid Icarus
73%
1Yoshi
72%
1F-Zero
70%
1Game & Watch
68%
1WarioWare
66%
1Pikmin
64%
1Wii Fit
63%
1Animal Crossing
61%
1Punch-Out!
60%
1Gyromite
55%
1Xenoblade
55%
1Duck Hunt
54%

Score Distribution

Percentile by Number Answered

Percent of People with Each Score

Your Score History

You have not taken this quiz since the last reset